| 000 | 01052nam0a22002411i 4500 | ||
|---|---|---|---|
| 001 | rc\4552750 | ||
| 005 | 20240724175331.0 | ||
| 021 |
_aRU _b[66-69302] |
||
| 035 | _a(NLR Aleph) 008642457 | ||
| 090 |
_a8950859 _c8950859 |
||
| 100 | _a20130416d1966 |||y0rusy50 ca | ||
| 101 | 0 | _arus | |
| 102 | _aRU | ||
| 105 | _ay d ||||| | ||
| 200 | 1 |
_aЭтиология и эпидемиология острых респираторных заболеваний в гор. Фрунзе _e(Материалы вирусол., бактериол. и серол. исследований) _eАвтореферат дис. на соискание учен. степени канд. мед. наук _fАМН СССР. Ин-т вирусологии им. Д.И. Ивановского |
|
| 210 |
_aФрунзе _d1966 |
||
| 215 |
_a23 с. _cграф. |
||
| 606 |
_aВирусные болезни _xРеспираторные _2psbo |
||
| 700 | 1 |
_aЛейбо _bА.М. |
|
| 801 | 0 |
_aRU _bNLR _gpsbo |
|
| 801 | 1 |
_aRU _bELAR _2rusmarc |
|
| 852 |
_aNLR _j66-4/17246 |
||
| 942 | _cBOOK | ||